000
00328nam a22001457a 4500
003
SGT
020
_a
9789384343903
082
_a
920
_b
A18S
100
_a
SHRIVASTAV, KAMAL SHANKAR
245
_a
AADI SHANKARACHRYA EVAM ADWEAT
260
_b
VIDYA VIKAS ACADEMY
_c
2018
300
_a
160
650
_a
BIOGRAPHY
942
_2
ddc
_c
BK
999
_c
28208
_d
28208